000 00833nam a2200229Ii 4500
003 JO-AjNU
008 230605s9999||||xx |||||||||||||| ||und||
017 _a2006/8/2236
040 _aJO-AjNU
_bara
_erda
_cJO-AjNU
041 _aara
050 1 4 _aKMM128.2.2006
100 3 _a مدغمش ، جمال عبد الغني ,
_eauthor
_921496
245 0 0 _aقاعدة الجزائي يعقل المدني
250 _a(د،ط)
264 3 1 _aعمان : جمال عبد الغني مدغمش ، 2006
300 _a80ص
336 _atext
_btxt
_2rdacontent
337 _aunmediated
_bn
_2rdamedia
338 _avolume
_bnc
_2rdacarrier
490 0 _aسلسلة الكتب القانونية
650 4 _aالقانون الجنائي -- العقوبات -- الدعاوى -- المحاكم -- إجراءات المحاكم
_921497
999 _aA7475
_c11043
_d11043